[Event "Rottach Egern Seniors Cup 11th"]
[Site "Rottach Egern"]
[Date "2023.04.17"]
[Round "3"]
[White "Mattavelli, Italo"]
[Black "Radinger, Rudolf"]
[Result "0-1"]
[WhiteElo "1644"]
[BlackElo "1779"]
[PlyCount "100"]
[EventDate "2023.04.15"]
[EventType "swiss"]
[EventRounds "9"]
[EventCountry "GER"]
[SourceTitle "EXT 2024"]
[Source "ChessBase"]
[SourceDate "2023.10.10"]
[SourceVersion "1"]
[SourceVersionDate "2023.10.10"]
[SourceQuality "1"]

1. e4 c5 2. c3 Nf6 3. e5 Nd5 4. Nf3 Nc6 5. d4 cxd4 6. cxd4 e6 7. Nc3 Bb4 8. Bd2 Nxc3 9. bxc3 Be7 10. Bd3 d5 11. exd6 Qxd6 12. Qe2 Bd7 13. 0-0 0-0-0 14. a4 f6 15. Rfb1 e5 16. d5 Qxd5 17. Rb5 Qd6 18. Rab1 b6 19. Be4 Nb8 20. R5b4 Bc6 21. Bxc6 Nxc6 22. Qa6+ Kd7 23. Rc4 Ke8 24. Qb5 Rc8 25. a5 Kf7 26. axb6 axb6 27. Be3 Rhd8 28. h3 Qd5 29. Qxd5+ Rxd5 30. Rxb6 Rd6 31. Rb7 Ke6 32. g4 Rcd8 33. Rc7 Na5 34. Ra4 Nb3 35. Rb7 Rd1+ 36. Kg2 Nc1 37. Ra6+ R8d6 38. Bc5 Rxa6 39. Rxe7+ Kd5 40. Rd7+ Kxc5 41. Rxd1 Ne2 42. Rd7 Nf4+ 43. Kg3 Ne2+ 44. Kh2 g5 45. Rxh7 Nf4 46. Nd2 Ra2 47. Ne4+ Kc4 48. Kg3 Ne2+ 49. Kf3 Ng1+ 50. Ke3 Re2# 0-1

[Event "Omegna op 4th"]
[Site "Omegna"]
[Date "2016.08.07"]
[Round "4"]
[White "Tripodi, Enzo"]
[Black "Mattavelli, Italo"]
[Result "1-0"]
[WhiteElo "1896"]
[BlackElo "1784"]
[PlyCount "69"]
[EventDate "2016.08.05"]
[EventType "swiss"]
[EventRounds "5"]
[EventCountry "ITA"]
[SourceTitle "EXT 2018"]
[Source "ChessBase"]
[SourceDate "2017.10.13"]
[SourceVersion "1"]
[SourceVersionDate "2017.10.13"]
[SourceQuality "1"]

1. e4 e6 2. d4 d5 3. Nd2 dxe4 4. Nxe4 Bd7 5. Nf3 Bc6 6. Bd3 Nd7 7. 0-0 Ngf6 8. Nxf6+ Nxf6 9. c3 Be7 10. Re1 0-0 11. Bf4 b6 12. Ne5 Bb7 13. a4 c5 14. dxc5 Bxc5 15. Nf3 Qd5 16. Re5 Qd8 17. Bg5 h6 18. Bh4 Bd6 19. Re3 Bf4 20. Re1 Bd6 21. Bc2 Be7 22. Qxd8 Rfxd8 23. Nd4 Rd7 24. Bb3 Nd5 25. Bxe7 Rxe7 26. Rad1 Nf4 27. f3 Rd8 28. Nc6 Rxd1 29. Nxe7+ Kf8 30. Rxd1 Kxe7 31. Kf2 f6 32. Bc4 e5 33. Bb5 Bd5 34. g3 Nh3+ 35. Kg2 1-0

[Event "Venice Autumn op-B 10th"]
[Site "Venice"]
[Date "2004.11.01"]
[Round "4"]
[White "Bettera, Roberto"]
[Black "Mattavelli, Italo"]
[Result "1/2-1/2"]
[WhiteElo "1883"]
[BlackElo "1855"]
[PlyCount "61"]
[EventDate "2004.10.30"]
[EventType "swiss"]
[EventRounds "5"]
[EventCountry "ITA"]
[SourceTitle "EXT 2009"]
[Source "ChessBase"]
[SourceDate "2008.11.26"]
[SourceVersion "1"]
[SourceVersionDate "2008.11.26"]
[SourceQuality "1"]

1. d4 Nf6 2. c4 g6 3. Nc3 Bg7 4. e4 d6 5. Be2 0-0 6. Nf3 Nbd7 7. Be3 e5 8. d5 Ng4 9. Bg5 f6 10. Bh4 a5 11. h3 Nh6 12. g4 g5 13. Bg3 Nc5 14. b3 c6 15. Nd2 Nf7 16. a3 cxd5 17. cxd5 Qc7 18. Rc1 Qb6 19. f3 Bd7 20. Bf2 Rfc8 21. 0-0 Qd8 22. Bc4 b6 23. Qe2 Nh8 24. Qe3 Ng6 25. Ra1 Nf4 26. Kh2 Rab8 27. Rfb1 b5 28. Bf1 Ncd3 29. Nd1 Nxf2 30. Nxf2 Rc2 31. Bd3 1/2-1/2